| 000 | 00843nam a2200217 a 4500 | ||
|---|---|---|---|
| 001 | 000029848 | ||
| 003 | OSt | ||
| 005 | 20201218114815.0 | ||
| 008 | 110426s1940 dr 000 spa d | ||
| 040 |
_aDO-SdBNP _bspa _cBNPHU |
||
| 082 | 4 |
_a327.7293 _bR426m _222 |
|
| 110 | 2 |
_aRepública Dominicana _bSecretaría de Relaciones Exteriores _92519 |
|
| 245 | 1 | 0 |
_aMemoria de la Secretaría de Estado de Relaciones Exteriores : _bcorrespondiente al año 1940. |
| 260 |
_aCiudad Trujillo, República Dominicana : _bLa Nación, _c1940 |
||
| 300 |
_a340 p. ; _c28 cm. |
||
| 590 | _aInventariado, 2020/VM | ||
| 651 | 4 |
_aRepública Dominicana _xRelaciones exteriores _92258 _y 1940 |
|
| 651 | 4 |
_aRepública Dominicana _xPolitca y gobierno _yEra de Trujillo, 1930-1961 _977631 |
|
| 910 | _aVMateo/Validado. Control de calidad MFF | ||
| 942 |
_2ddc _cLBS1 |
||
| 999 |
_c29340 _d29340 |
||